Arbeitsgemeinschaft Geistliche Archive

Titel: Arbeitsgemeinschaft Geistliche Archive : eine Plattform für die Interessen und Belange kirchlicher Archive
Verfasser:
Beteiligt:
In: Arbido, Heft 1 (2016), Seite 18-19
alle Artikel anzeigen
Veröffentlicht: 2016
Format: Aufsatz
Kein Bild verfügbar
X
alg: 44207457
001A    $03036:30-01-19 
001B    $01999:30-01-19 $t23:09:37.000 
001D    $03036:30-01-19 
001U    $0utf8 
001X    $00 
002@    $0Aox    
003@    $0442074573 
007A    $0442074573 $aHEB 
007T    $0ArchMa26152 
011@    $a2016 
021A    $aArbeitsgemeinschaft Geistliche Archive $deine Plattform für die Interessen und Belange kirchlicher Archive 
028A    $aSchweizer $dChristian 
028B/01 $aDe Kegel $dRolf 
031A    $e1 $h18-19 $j2016 
039B    $aIn $8--Abvc--. Arbido. - Bern : Stämpfli, 1995-2016. - ISSN 1420-102X $x201600000000001982 $9048657298 
045T    $a24,1 

lok: 44207457 105

exp: 44207457 105 1 #EPN
201B/01 $030-01-19 $t16:23:25.000 
201C/01 $030-01-19 
201U/01 $0utf8 
203@/01 $01042466238 
208@/01 $a13-12-18 $be 
209A/01 $a/ $f106 $x00 
245Z/01 $a2.15.03. $bArchivwissenschaft und Archivtheorie / Archivbereiche / Kirchliche Archive $x01 
245Z/01 $a4.12.01. $bArchivwesen Europas / Schweiz, Liechtenstein / Allgemeines $x02 
247C/01 $8->Marburg, Bibliographie zum Archivwesen der Archivschule Marburg $939588196X
LEADER 00000caa a22000002c 4500
001 442074573
003 DE-603
005 20190130230937.0
007 tu
008 190130s2016 xx |||| | u00||u|und c
035 |a (DE-599)HEB442074573 
040 |a DE-603  |b ger  |c DE-603  |d DE-603 
084 |a 24,1  |2 ssgn 
100 1 |a Schweizer, Christian 
245 0 0 |a Arbeitsgemeinschaft Geistliche Archive  |b eine Plattform für die Interessen und Belange kirchlicher Archive 
264 0 |c 2016 
700 1 |a De Kegel, Rolf 
773 0 8 |i In  |t Arbido  |d Bern : Stämpfli, 1995-2016  |x 1420-102X  |g Heft 1 (2016), Seite 18-19  |w (DE-603)048657298  |w (DE-600)1221449-8 
924 0 |9 -  |a (DE-603)1042466238  |b DE-  |c HES  |d d  |g /